Les arrondissements de Marseille - Map Quiz - Statistiques

Statistiques générales
  • Ce quiz a été pris 391 fois
  • Le résultat moyen est 9 sur 16
Réponses sur la Carte
Les réponses sont colorées sur une échelle allant du rouge au vert en fonction du pourcentage des utilisateurs qui les ont devinées à leur premier essai. Vous pouvez retrouver ces pourcentages ci-dessous.
 
Statistiques - réponses
Réponse % Correct
1er
69%
15ème
67%
16ème
67%
8ème
66%
13ème
64%
9ème
61%
2ème
60%
11ème
59%
14ème
58%
6ème
56%
10ème
55%
12ème
55%
3ème
55%
7ème
55%
4ème
48%
5ème
46%
Aucun quiz correspondant
Distribution des résultats
% des personnes avec chaque résultat
Percentile par nombre de réponses
Votre historique - résultats
Vous n’avez pas pris ce quiz